00859pam a2200253 a 45000010008000000030004000080050017000120080041000290100017000700200028000870400018001150500024001330820014001571000030001712450068002012500012002692600042002813000037003235000072003605040053004326500026004857000026005117000068005373940682OSt20160810084803.0930421s1994 mnua b 001 0 eng  a 93004430  a0314025294 (alk. paper) aDLCcDLCdDLC00aHF5549b.M3349 199400a658.32201 aMathis, Robert L.,d1944-10aHuman resource management /cRobert L. Mathis, John H. Jackson. a7th ed. aMinneapolis :bWest Pub. Co.,cc1994. axxviii, 656 p. :bill. ;c26 cm. aUpdated ed. of: Personnel/human resource management. 6th ed. c1991. aIncludes bibliographical references and indexes. 0aPersonnel management.1 aJackson, John Harold.1 aMathis, Robert L.,d1944-tPersonnel/human resource management.